| 000 | 00449cam a22001337a 4500 | ||
|---|---|---|---|
| 008 | 180718b1988 xxu||||| |||| 00| 0 eng d | ||
| 082 | _aXA04x438 In8 | ||
| 100 | _aMayo, Stephen K. | ||
| 245 |
_aHousing and labour market distortions in Poland: Linkages and policy implications _cBy Stephen K. Mayo and James I. Stein |
||
| 260 |
_aWashington, D.C. _bIBRD _c1988 |
||
| 300 | _a31p. | ||
| 650 | _aHousing - Finance - Poland | ||
| 700 | _aStein, James I. | ||
| 999 |
_c225551 _d225551 |
||